| 000 | 00761nam a2200289Ia 4500 | ||
|---|---|---|---|
| 001 | C5599 | ||
| 003 | IT-RoPAU | ||
| 008 | 130308s9999 xx 000 0 und d | ||
| 040 | _aIT-RoPAU | ||
| 040 | _cIT-RoPAU | ||
| 041 | _aITALIANO | ||
| 100 | _aCaprettini Gianpaolo | ||
| 100 | _gCodice Aut. SPICS: 11221 | ||
| 245 | _aPer una tipologia del silenzio | ||
| 245 | _bForme del Silenzio e della Parola (Le) | ||
| 250 | _a1a ed. | ||
| 260 | _aBRESCIA | ||
| 260 | _bMorcelliana | ||
| 260 | _c1989 [1° Ed.:1989 - Ed.Ling.Originale:1989] | ||
| 300 | _a"8 p. (prefazione: no ; testo: 8 [pagine: 423-430])" | ||
| 650 | _aSAGGI DI LINGUISTICA | ||
| 650 | _eCodice materia Spics: 3207 | ||
| 942 | _cBK | ||
| 957 | _71 | ||
| 999 |
_c40168 _d40168 |
||
| 999 | _bSI | ||
| 999 | _g1 | ||